00471nam a2200181 a 450000100060000000300090000600800410001502000150005604000280007108200090009910000250010824500200013326000460015330000100019949000330020965000250024265000220026717339CO-ViMGA141112s2004 ck r 000 u spa d a8448020561 aCO-ViMGAbspacCO-ViMGA04aBRIi1 aBrightfield, Richard10aLa isla maldita aBarcelona (España), cTimun Mas, c1997 a86.p. aElije tu propio escalofrío14aCUENTOS DE FANTASMAS14aCUENTOS DE TERROR